MARC

Tag First Indicator Second Indicator Subfields
LEADER 00000cam a2200000 i 4500
001 in00000242514
005 20151010050503.0
008 781114s1978 nyua b 10000 eng
010 |a  78108622  
020 |c $3.95 
035 |a (OCoLC)04468339 
035 |9 ABA9961AM 
040 |a DLC  |c DLC  |d TXA  |d UtOrBLW 
043 |a n-us--- 
049 |a TXAM  |c [1240567] 
050 0 0 |a RT4  |b .L53 
082 0 |a 362.1 
245 0 0 |a Licensure and credentialing. 
264 1 |a New York :  |b National League for Nursing,  |c [1978] 
264 4 |c ©1978 
300 |a v, 47 pages :  |b diagrams ;  |c 23 cm. 
336 |a text  |b txt  |2 rdacontent 
337 |a unmediated  |b n  |2 rdamedia 
338 |a volume  |b nc  |2 rdacarrier 
500 |a "Proceedings from the Northeast Regional Assembly of Constituent Leagues for Nursing conference held at Windsor Locks, Connecticut on June 9-10, 1977." 
500 |a "Pub. number 52-1706." 
504 |a Includes bibliographical references. 
650 0 |a Nurses  |x Certification  |z United States  |x Congresses. 
650 0 |a Nurses  |x Licenses  |z United States  |x Congresses. 
650 0 |a Nursing schools  |z United States  |x Congresses. 
650 0 |a Nursing schools  |z United States  |x Faculty  |x Congresses. 
710 2 |a National League for Nursing. 
710 2 |a Northeast Regional Assembly of Constituent Leagues for Nursing. 
999 |a MARS 
999 f f |s a9be99eb-6835-3933-9c74-9c20e3718d34  |i b4921874-a8db-3446-aea5-ce8ddb6816d9  |t 0 
952 f f |p ric  |a Texas A&M University  |b Rellis Campus  |c Joint Library Facility  |d Remote Storage  |t 0  |e RT4 .L53  |h Library of Congress classification  |i unmediated -- volume  |m A14805159916 
998 f f |a RT4 .L53  |t 0  |l Remote Storage